Digital telephony (Record no. 3592)

000 -LEADER
fixed length control field 00571nam a2200217 a 4500
001 - CONTROL NUMBER
control field 3592
003 - CONTROL NUMBER IDENTIFIER
control field BD-DhUET
008 - FIXED-LENGTH DATA ELEMENTS--GENERAL INFORMATION
fixed length control field 900501s1991 nyua b 001 0 eng
020 ## - INTERNATIONAL STANDARD BOOK NUMBER
International Standard Book Number 0471620564
040 ## - CATALOGING SOURCE
Original cataloging agency DLC
Transcribing agency DLC
Modifying agency BD-DhUET
082 ## - DEWEY DECIMAL CLASSIFICATION NUMBER
Classification number 623.85
Item number BEL/1991
100 ## - MAIN ENTRY--PERSONAL NAME
Personal name Bellamy, John
245 10 - TITLE STATEMENT
Title Digital telephony
250 ## - EDITION STATEMENT
Edition statement 2nd ed.
260 ## - PUBLICATION, DISTRIBUTION, ETC. (IMPRINT)
Place of publication, distribution, etc. New York
Name of publisher, distributor, etc. John wiley & sons
Date of publication, distribution, etc. 1991
300 ## - PHYSICAL DESCRIPTION
Extent xix, 572 p.
Other physical details ill.
Dimensions 25 cm.
490 ## - SERIES STATEMENT
Series statement Wiley Series in telecommunications
504 ## - BIBLIOGRAPHY, ETC. NOTE
Bibliography, etc Includes bibliographies
650 #0 - SUBJECT ADDED ENTRY--TOPICAL TERM
Topical term or geographic name as entry element Digital telephony
942 ## - ADDED ENTRY ELEMENTS (KOHA)
Koha item type General Book
Holdings
Lost status Piece designation (barcode) Price effective from Koha date last seen Source of classification or shelving scheme Koha full call number Shelving location Koha date last borrowed Sublocation or collection (holding branch) Koha issues (times borrowed) Copy number Damaged status Koha item type Date acquired Withdrawn status Location (home branch) Koha normalized classification for sorting Not for loan
 836182014-11-022016-02-06 623.85/BEL/1991Circulation section2015-10-10Central Library, BUET21 General Book2014-11-02 Central Library, BUET623_000000000000000_85BEL1991 
 836202014-11-022017-08-26 623.85/BEL/1991Circulation section Central Library, BUET 2 General Book2014-11-02 Central Library, BUET623_000000000000000_85BEL1991 
 836232014-11-022017-08-16 623.85/BEL/1991Circulation section Central Library, BUET 3 General Book2014-11-02 Central Library, BUET623_000000000000000_85BEL1991 
 863392014-11-022024-02-20 623.85/BEL/1991Circulation section2023-03-07Central Library, BUET24 General Book2014-11-02 Central Library, BUET623_850000000000000_BEL_1991 
 875942015-07-012015-07-01 623.85/BEL/1991Reading section Central Library, BUET 5 Reading Item2015-07-01 Central Library, BUET623_850000000000000_BEL_1991 
 835632024-12-092024-12-09 623.85 BEL/1991Rental section Central Library, BUET ক-১ Rental Item1992-06-06 Central Library, BUET623_850000000000000_BEL_1991 
 835642024-12-092024-12-09 623.85 BEL/1991Rental section Central Library, BUET ক-২ Rental Item1992-06-06 Central Library, BUET623_850000000000000_BEL_1991 
 835652024-12-092024-12-09 623.85 BEL/1991Rental section Central Library, BUET ক-৩ Rental Item1992-06-06 Central Library, BUET623_850000000000000_BEL_1991 
 835662024-12-092024-12-09 623.85 BEL/1991Rental section Central Library, BUET ক-৪ Rental Item1992-06-06 Central Library, BUET623_850000000000000_BEL_1991 
 835672024-12-092024-12-09 623.85 BEL/1991Rental section Central Library, BUET ক-৫ Rental Item1992-06-06 Central Library, BUET623_850000000000000_BEL_1991 
 835682024-12-092024-12-09 623.85 BEL/1991Rental section Central Library, BUET ক-৬ Rental Item1992-06-06 Central Library, BUET623_850000000000000_BEL_1991 
 835692024-12-092024-12-09 623.85 BEL/1991Rental section Central Library, BUET ক-৭ Rental Item1992-06-06 Central Library, BUET623_850000000000000_BEL_1991 
 835702024-12-092024-12-09 623.85 BEL/1991Rental section Central Library, BUET ক-৮ Rental Item1992-06-06 Central Library, BUET623_850000000000000_BEL_1991 
 835712024-12-092024-12-09 623.85 BEL/1991Rental section Central Library, BUET ক-৯ Rental Item1992-06-06 Central Library, BUET623_850000000000000_BEL_1991 
 835722024-12-092024-12-09 623.85 BEL/1991Rental section Central Library, BUET ক-১০ Rental Item1992-06-06 Central Library, BUET623_850000000000000_BEL_1991 
 835732024-12-092024-12-09 623.85 BEL/1991Rental section Central Library, BUET ক-১১ Rental Item1992-06-06 Central Library, BUET623_850000000000000_BEL_1991 
 835742024-12-092024-12-09 623.85 BEL/1991Rental section Central Library, BUET ক-১২ Rental Item1992-06-06 Central Library, BUET623_850000000000000_BEL_1991 
 835752024-12-092024-12-09 623.85 BEL/1991Rental section Central Library, BUET ক-১৩ Rental Item1992-06-06 Central Library, BUET623_850000000000000_BEL_1991 
 835762024-12-092024-12-09 623.85 BEL/1991Rental section Central Library, BUET ক-১৪ Rental Item1992-06-06 Central Library, BUET623_850000000000000_BEL_1991 
 835772024-12-092024-12-09 623.85 BEL/1991Rental section Central Library, BUET ক-১৫ Rental Item1992-06-06 Central Library, BUET623_850000000000000_BEL_1991